GP EXPLORER 3 - Statistiques

Statistiques générales
  • Ce quiz a été pris 277 fois
    202 depuis la dernière actualisation
  • Le résultat moyen est 18 sur 24
Statistiques - réponses
Numéro Pilotes % Correct
14 Squeezie
95%
03 Anyme
92%
10 Amine
90%
31 Maghla
86%
56 Mastu
86%
19 SCH
86%
02 Cocotte
84%
99 Billy
82%
48 Léa Elui
82%
27 Kaatsup
81%
97 Maxime
81%
28 Baghera
80%
77 Houdi
80%
23 Théodort
80%
15 Djilsi
79%
92 PLK
78%
38 Mister V
76%
07 Gotaga
75%
21 Karchez
71%
16 Ana
66%
04 Nikof
61%
42 Ludwig
58%
17 Ander
56%
51 Michael
39%
Aucun quiz correspondant
Distribution des résultats
% des personnes avec chaque résultat
Percentile par nombre de réponses
Votre historique - résultats
Vous n’avez pas pris ce quiz depuis la dernière actualisation